Statistics for Guess the Telugu Movie by a Picture #3

Click here to take the quiz!

General Stats

  • This quiz has been taken 48 times
  • The average score is 11 of 15

Answer Stats

Answer% Correct
Arjun Reddy
95%
Eega
88%
Maharshi
86%
Dear Comrade
83%
Jai Lava Kusa
83%
Raja the Great
81%
Arya
71%
Bommarillu
71%
Mahanubhavudu
71%
Okkadu
71%
Gentleman
60%
Athadu
57%
Julayi
57%
Most Eligible Bachelor
48%
Sakthi
48%

Score Distribution

Percentile by Number Answered

Percent of People with Each Score

Your Score History

You have not taken this quiz